LIBRARY & INFORMATION CENTRE, KCAET, TAVANUR

ONLINE PUBLIC ACCESS CATALOGUE (OPAC)

Strength of material and mechanics of structures, Vol.I / (Record no. 7515)

MARC details
000 -LEADER
fixed length control field 00500cam a2200193ua 4500
041 ## - LANGUAGE CODE
Language code of text/sound track or separate title eng
082 ## - DEWEY DECIMAL CLASSIFICATION NUMBER
Classification number 624.17
Item number PUN/ST
100 ## - MAIN ENTRY--AUTHOR NAME
Personal name Punmia, B.C .
245 ## - TITLE STATEMENT
Title Strength of material and mechanics of structures, Vol.I /
250 ## - EDITION STATEMENT
Edition statement 9 /
260 ## - PUBLICATION, DISTRIBUTION, ETC. (IMPRINT)
Place of publication New Delhi :
Name of publisher Standard publishers Distributors ,
Year of publication 1991.
300 ## - PHYSICAL DESCRIPTION
Number of Pages 890 ; .
500 ## - GENERAL NOTE
General note *CSS
942 ## - ADDED ENTRY ELEMENTS (KOHA)
Koha item type Books
Holdings
Withdrawn status Lost status Damaged status Home library Current library Shelving location Date acquired Full call number Accession Number Koha item type
      KAUAET KAUAET Scheme 12/09/2018 624.17 PUN/ST 19153 Books
free website counter